000 00484nam a2200181Ia 4500
001 13178
005 20260306163034.0
008 260306t2017||||xx |||||||||||||| ||spa||
041 _aESP
082 _a001.42
_bA59
100 _aAndia Valencia, Walter
_eAUT
245 0 _aManual de investigación universitaria:
_bpautas para la planificación de una tesis
260 _c2017
300 _a214 páginas :
_c24 cm.
650 _aGEN
654 _aCHU
942 _cLIB
_dJUS
_fJUS
_2ddc
_n
999 _c13178
_d13178